000 01297nam a22003377a 4500
003 EG-GICUC
005 20260124232130.0
008 260124s2016 ua ||||fr|||| 00| 0 ara d
040 _a EG-GICUC
_bara
_c EG-GICUC
_d EG-GICUC
_erda
041 _aara
082 0 4 _221
_a343.3
_bم ح . ش
092 0 4 _221
099 _aLaw1 10 343.3 5 ed - 2016
100 0 _aمحمود نجييب حسني
_eمؤلف.
245 _aشرح قانون الإجراءات الجنائية :
_bوفقا لأحدث التعديلات /
_cمحمود نجييب حسني
250 _aالطبعة الخامسه
264 _aالقاهرة :
_bدار النهضة العربية ,
_c2016 .
300 _a1707 صفحة;
_c24 سم
_bإيضاحيات، صور، مثيليات ؛
336 _2rda content
_atext
337 _2rda media
_aComputer
338 _2rda carrier
_aOnline Resource
504 _a. 240-220 ببليوجرافيا: صفحات.
546 _aالنص باللغة العربية
650 1 _aقانون جنائي
_2qrmak
650 1 _aقانون الإجراءات الجنائية
_2qrmak
651 1 _2qrmak
700 _aفوزية عبدالستار
_eمراجع.
856 4 0 _uhttps://fll.law.cu.edu.eg/fulltext/bks/B10-05774.pdf
905 _a44
942 _2ddc
_cBK
_e21
_n0
999 _c59154
_d59154